|
|
|
|
| LEADER |
00000naa a2200000uu 4500 |
| 001 |
vtls011049082 |
| 003 |
SK-MaSNL |
| 005 |
20260302112943.0 |
| 008 |
220810|1995 xo |||||||||||||||||cze| |
| 015 |
|
|
|a SNBRA
|
| 035 |
|
|
|a (urnnbn)urn:nbn:sk:snk:ar-0096gi
|
| 035 |
|
|
|a (uuid)01e74e68-affb-4ca8-b460-646f1daa06d2
|
| 035 |
|
|
|a urn:nbn:sk:snk-aauzz4
|
| 040 |
|
|
|a SNKBUCL
|b slo
|c SNKBUCL
|e AACR2
|
| 041 |
0 |
|
|a cze
|
| 044 |
|
|
|a xo
|c SK
|
| 100 |
1 |
|
|a Kučerová, Eva
|4 aut
|9 276414
|
| 245 |
1 |
0 |
|a VLASTNOSTI KOMPOZITNÍCH MATERIÁLŮ PRO SILNOPROUDÁ ELEKTRICKÁ ZAŘÍZENÍ
|c Eva KUČEROVÁ
|
| 773 |
0 |
|
|t Dielektrické a izolačné systémy v elektrotechnike
|d Bratislava : Dom techniky ZSVTS, 1995
|g S. 69-70
|z 802330352X
|
| 954 |
|
|
|a odborná, vedecká literatúra cudzojazyčná (svetová)
|2 lita
|
| 958 |
|
|
|a OND
|
| 958 |
|
|
|a article12
|
| 958 |
|
|
|a chapter
|
| 999 |
|
|
|c 1254089
|d 1256019
|